Normal view
MARC view
- Muhammad Firdaus
Entry Personal Name
001 - CONTROL NUMBER
- control field: 895
003 - CONTROL NUMBER IDENTIFIER
- control field: OSt
005 - DATE AND TIME OF LATEST TRANSACTION
- control field: 20170503154503.0
008 - FIXED-LENGTH DATA ELEMENTS
- fixed length control field: 170503|| aca||aabn | a|a d
040 ## - CATALOGING SOURCE
- Original cataloging agency: OSt
- Transcribing agency: OSt
100 ## - HEADING--PERSONAL NAME
- Personal name: Muhammad Firdaus
670 ## - SOURCE DATA FOUND
- Source citation: Work cat.: (OSt)0: Al 'Alwani, Taha Jabir 892, Krisis pemikiran moden :, 1996

PORTAL AKMAL
E-MEL JKDM
AKMAL2U
G-BAM
u-PUSTAKA